000 01037nam1a22002531 4500
001 rc\3982023
005 20130415122200.7
021 _aRU
_b95-РК-4023/3
035 _a(NLR Aleph) 007900891
090 _a8037251
_c8037251
100 _a20130415d1955 |||y0rusy50 ca
101 0 _arus
102 _aRU
105 _a z |||||
200 1 _aПРИМЕРЫ честного служения Родине
_eМатериалы для полит. занятий
_fПолит. отд. внутр. и конвойн. охраны МВД СССР
_g[Подгот. комис. в составе подполк. Т.Н. Горового и др.]
210 _aМосква
_cБ. и.
_d1955
215 _d19
702 1 _aГоровой
_bТ. Н.
_4570
712 0 1 _aСССР
_bМ-во внутренних дел
_bПолитический отдел внутренней и конвойной охраны
_3RU\NLR\AUTH\8812317
801 0 _aRU
_bNLR
_gpsbo
801 1 _aRU
_bELAR
_2rusmarc
852 _aNLR
_j95-3/7140
942 _cBOOK
980 _aNB